MARC

Tag First Indicator Second Indicator Subfields
LEADER 00000cam a2200000 i 4500
001 in00005520121
006 m o d
007 cr |n|||||||||
008 181007s2019 flua ob 001 0 eng d
005 20241108165552.5
035 |a (OCoLC)on1055837410 
040 |a YDX  |b eng  |e rda  |e pn  |c YDX  |d N$T  |d CUS  |d MERER  |d UKMGB  |d OCLCQ  |d COO  |d K6U  |d OCLCO  |d OCLCQ  |d OCLCO  |d OCLCQ  |d OCLCO  |d OCLCL 
016 7 |a 019075360  |2 Uk 
019 |a 1056584340 
020 |a 9780429856570  |q (electronic bk.) 
020 |a 0429856571  |q (electronic bk.) 
020 |a 9780429458057  |q (electronic bk.) 
020 |a 0429458053  |q (electronic bk.) 
020 |a 9780429856587 
020 |a 042985658X 
020 |z 1498774547 
020 |z 9781498774543 
024 7 |a 10.1201/9780429458057  |2 doi 
035 |a (OCoLC)1055837410  |z (OCoLC)1056584340 
037 |a 9780429856570  |b Ingram Content Group 
050 4 |a HT391  |b .M66 2019eb 
072 7 |a BUS  |x 054000  |2 bisacsh 
082 0 4 |a 333.91/7  |2 23 
049 |a TXAM 
245 0 0 |a Sustainable coastal design and planning /  |c edited by Elizabeth Mossop. 
264 1 |a Boca Raton :  |b CRC Press, Taylor & Francis Group,  |c 2019. 
300 |a 1 online resource :  |b illustrations (some color) 
336 |a text  |b txt  |2 rdacontent 
337 |a computer  |b c  |2 rdamedia 
338 |a online resource  |b cr  |2 rdacarrier 
588 0 |a Print version record. 
504 |a Includes bibliographical references and index. 
505 0 0 |t PART1 NEW WAYS OF THINKING AND WORKING. Section I Shifting Realities. 1 Designing the Coast in the Moment of Rain. 2 Fraying at the Edges: On Coastal Life and Rising Seas.3 (Re)Think (Re)Design for Resilience.4 Resilience and the Translation of Expertise. Section II Methods and Practices. 5 The Joy of Counterintuitivity. 6 The Dutch "Room for the River" Program (20062017): Landscape Quality as a Binding Agent. 7 Drawing a Line in the Sand: Rebuild by Design, Mathematical Modeling, and Blue Dunes. 8 Designing Resiliency: Interdisciplinary Geovisualization for Complex Coastal Environments. 9 Best Practices for Interdisciplinary Collaboration for Coastal Resiliency. 10 Engaging theCommunity to Envision the Coastal Climate Future. PART 2 NEW STRATEGIES. Section III Deltas, Bays, and Estuaries. 11 Structures of Coastal Resilience: Adaptive Design for Jamaica Bay, New York. 12 Resilience and Coastal Ecosystems: Three Typologies, Three Design Approaches. 13 Resilience of Natural Systems and Human Communities in the Mississippi Delta: Moving beyond Adaptability Due to Shifting Baselines. 14 New Orleans, Coastal City. 15 The Giving Delta. 16 A Fine Dutch Tradition in the Noordwaard. 17 Thresholds and Contingencies: A Design Process for Regional Coastal Resilience. 18 The Mekong Delta: A Coastal Quagmire. Section IV Sites and Structures. 19 The New Hondsbossche Dunes. 20 Adaptive Landscapes for Coastal Restoration and Resilience in Contemporary China. 21 Going with the Flow: Building Resilience in Southeast Queensland. 22 Architectural Strategies for a Dynamic Coast. 23 The Hard Habitats of Coastal Armoring. 24 Armatures for Coastal Resilience. 
520 3 |a This book aims to discuss contemporary ideas about planning and design for coastal resilience, how our thinking about the coast has changed to be far more dynamic and less stable, and to include a better understanding of the implications of climate change. Specifically, the book articulates what these ideas might mean when these are translated into real places through the examination of specific case studies. It will provide an alternative presentation of the issues and solutions and will examine strategies that work with natural processes to incorporate water into the urban environment, designing places and structures that can accommodate flooding and water storage. 
650 0 |a Coastal zone management  |v Case studies. 
650 0 |a Coastal engineering  |v Case studies. 
650 0 |a Shore protection  |v Case studies. 
650 6 |a Littoral  |x Aménagement  |v Études de cas. 
650 6 |a Travaux maritimes  |v Études de cas. 
650 6 |a Rivage  |x Protection  |v Études de cas. 
650 7 |a BUSINESS & ECONOMICS  |x Real Estate  |x General.  |2 bisacsh 
650 7 |a Coastal engineering  |2 fast 
650 7 |a Coastal zone management  |2 fast 
650 7 |a Shore protection  |2 fast 
655 7 |a Electronic books.  |2 local 
655 7 |a Case studies  |2 fast 
700 1 |a Mossop, Elizabeth,  |e editor. 
710 2 |a Taylor & Francis. 
758 |i has work:  |a Sustainable coastal design and planning (Text)  |1 https://id.oclc.org/worldcat/entity/E39PCGpWDYmpYXPcVjkFy7bGHC  |4 https://id.oclc.org/worldcat/ontology/hasWork 
776 0 8 |i Print version:  |a Mossop, Elizabeth.  |t Sustainable coastal design and planning.  |d Boca Raton, FL : Taylor & Francis, 2018  |z 9781498774543  |w (DLC) 2018014032  |w (OCoLC)1044598136 
856 4 0 |u http://proxy.library.tamu.edu/login?url=https://www.taylorfrancis.com/books/9780429458057  |z Connect to the full text of this electronic book  |t 0 
955 |a Taylor and Francis ENGnetBASE 
994 |a 92  |b TXA 
999 f f |s 058c735a-94ad-44e1-a5bd-9d64b6a99346  |i 26b56587-1849-4523-8ee7-a19eb2a78f28  |t 0 
952 f f |a Texas A&M University  |b College Station  |c Electronic Resources  |d Available Online  |t 0  |e HT391 .M66 2019eb  |h Library of Congress classification 
998 f f |a HT391 .M66 2019eb  |t 0  |l Available Online